Moralidad en el ámbito local e internacional / (Record no. 13098)

MARC details
000 -LEADER
campo de control de longitud fija 00894nam a2200277 i 4500
001 - NÚMERO DE CONTROL
campo de control 13098
003 - IDENTIFICADOR DE NÚMERO DE CONTROL
campo de control ES-MaACL
005 - FECHA Y HORA DE LA ÚLTIMA TRANSACCIÓN
campo de control 20250806034247.0
007 - CAMPO FIJO DE DESCRIPCIÓN FÍSICA--INFORMACIÓN GENERAL
campo de control de longitud fija t|
008 - DATOS DE LONGITUD FIJA--INFORMACIÓN GENERAL
campo de control de longitud fija 971201s1996 sp ||||1| spa d
020 ## - NÚMERO INTERNACIONAL ESTÁNDAR DEL LIBRO
Número Internacional Estándar del Libro 84-206-2854-9
080 ## - NÚMERO DE LA CLASIFICACIÓN DECIMAL UNIVERSAL
Número de la Clasificación Decimal Universal 17:32
080 ## - NÚMERO DE LA CLASIFICACIÓN DECIMAL UNIVERSAL
Número de la Clasificación Decimal Universal 32:17
080 ## - NÚMERO DE LA CLASIFICACIÓN DECIMAL UNIVERSAL
Número de la Clasificación Decimal Universal 172
100 1# - ENTRADA PRINCIPAL--NOMBRE DE PERSONA
Nombre de persona Walzer, Michael.
9 (RLIN) 116034
245 10 - MENCIÓN DEL TÍTULO
Título Moralidad en el ámbito local e internacional /
Mención de responsabilidad, etc. Michael Walzer ; versión española y estudio introductorio de Rafael del Aguila.
260 ## - PUBLICACIÓN, DISTRIBUCIÓN, ETC.
Lugar de publicación, distribución, etc. Madrid :
Nombre del editor, distribuidor, etc. Alianza Editorial,
Fecha de publicación, distribución, etc. D.L. 1996.
300 ## - DESCRIPCIÓN FÍSICA
Extensión 136 p. ;
Dimensiones 20 cm.
490 1# - MENCIÓN DE SERIE
Mención de serie Alianza universidad ;
Designación de volumen o secuencia 854
650 #7 - PUNTO DE ACCESO ADICIONAL DE MATERIA--TÉRMINO DE MATERIA
Término de materia o nombre geográfico como elemento de entrada Ética política
Fuente del encabezamiento o término embne
9 (RLIN) 136540
650 #7 - PUNTO DE ACCESO ADICIONAL DE MATERIA--TÉRMINO DE MATERIA
Término de materia o nombre geográfico como elemento de entrada Ética social
Fuente del encabezamiento o término embne
9 (RLIN) 12593
700 1# - ENTRADA AGREGADA--NOMBRE PERSONAL
Nombre de persona Águila Tejerina, Rafael del.
9 (RLIN) 18676
830 0# - PUNTO DE ACCESO ADICIONAL DE SERIE-TÍTULO UNIFORME
Título uniforme Alianza universidad ;
Designación de volumen o secuencia 854
9 (RLIN) 177276
852 ## - LOCALIZACIÓN
Ubicación ES-MaACL
Número de control de estantería L-20406
Sublocalización o colección R.126177
Holdings
Estatus retirado Estado de pérdida Estado de daño No para préstamo Biblioteca de origen Biblioteca actual Ubicación en estantería Fecha de adquisición Fuente de adquisición Total de préstamos Signatura topográfica completa Código de barras Visto por última vez Precio de reemplazo Tipo de ítem Koha
        Biblioteca del Ateneo de Madrid Biblioteca del Ateneo de Madrid Depósito 2 17/01/2008     L-20406 1013338 23/02/2023 23/02/2023 Libro impreso